000
00243nam a2200097Ia 4500
001
684945
005
20250826161508.0
008
250824s9999 xx 000 0 und d
245
0
_a
SU ÇÜRÜDÜ/A.TELLİ/EVEREST
_c
AHMET TELLİ
260
_b
EVEREST
999
_c
684945
_d
684945